000 00732nam a2200229 i 4500
001 bg
245 0 0 _aOpisowe modele ekonometryczne, elementy teorii :
_bprzykłady i zadania /
_cpod red. Niny Łapińskiej-Sobczak ; [aut. Nina Łapińska-Sobczak et al.].
250 _aWyd. 6.
260 _aŁódź :
_bWydaw. Uniwersytetu Łódzkiego,
_c1998.
300 _a241, [2] s. :
_brys., wykr. ;
_c24 cm.
504 _aBibliogr. s. [243].
650 9 _aEkonometria
655 _aPodręczniki akademickie
700 1 _aŁAPIŃSKA-Sobczak, Nina
020 _a8371712251
040 _cBPK
041 0 _apl
080 _a519.86:330.43](075.8)
920 _a83-7171-225-1
942 _cKS
008 s pl f |000 0 pol
999 _c36182
_d36182
856 _uhttp://koha.tu.koszalin.pl/cgi-bin/koha/opac-detail.pl?biblionumber=36182
_yKatalog online BPK